000 005790000a22001810004500
003 MACL
005 20160515112616.0
008 160515b xxu||||| |||| 00| 0 eng d
040 _aMACL
_cMACL
041 _aHindi
082 _a891.433 BAL
100 _aबाली, कामिनी
_957346
245 _aउस दिन रके बाद
_cकामिनी बाली
260 _bसंगीता प्रकाशन
_c2006
_aनई दिल्‍ली
350 _a200
650 _aIndian Literature Story
_951257
942 _cHIN
_k891.433/BAL/N
_2ddc
999 _c10329
_d10329